| 000 | 00371nam a2200169Ia 4500 | ||
|---|---|---|---|
| 100 | _aKhalil/Tarek/ Shankar/Ravi | ||
| 250 | _a2 | ||
| 942 | _cBK | ||
| 366 | _f23 | ||
| 654 | _amanagement | ||
| 245 | _aManagememt of technology | ||
| 260 |
_bTata Mc Graw hill Ltd. _c2013 |
||
| 082 |
_a658.4012 _bKHA |
||
| 300 | _a536 | ||
| 546 |
_aENGLISH _cInfo.Tech |
||
| 999 |
_c25154 _d25154 |
||